000 00780cam a2200229 a 4500
003 EG-GiCUC
008 061004s1997 lb a g 000 0 ara d
040 _aEG-GiCUC
_bara
_cEG-GiCUC
050 4 _aZ712.
_bH3 1997
092 0 4 _a025.6
_bH344i
_221
099 _a04
_a025.6 H344i
100 1 _aحسن: سعيد أحمد.
245 1 2 _aالإعاره فى المكتبات :
_bخدماتها وانظماتها /
_cسعيد احمد حسن.
250 _aط.1.
260 _aبيروت: لبنان :
_bمؤسسة المعارف:
_c1997.
300 _a119 .ص :
_bإيض. ؛
_c18 سم.
504 _aيشتمل على ارجاعات ببليوجرافية.
650 7 _aالإعارة (مكتبات).
_2qrmak
902 _a2
905 _aشكرية
_eمدخل
942 _2ddc
_cBK
999 _c86832
_d86832